000 00607nam a22002292 4500
001 0000012719
003 OSt
005 20221019132852.0
008 090316s xx 000 0 eng d
020 _a1260571467 :
040 _aKABU
_cKABU
100 1 _aSantrock, John W.
245 1 0 _aChild development /
_cJohn W. Santrock.
250 _a15th ed.
260 _aBoston :
_bMcGraw-Hill,
_c2021
300 _a1 vol. (various paging)
650 0 _aChild development.
650 0 _aChild psychology.
908 _a090316
942 _2lcc
_cBK
999 _c19675
_d19674